000
00272nam a22001217a 4500
999
_c
8233
_d
8233
003
OSt
005
20201007101645.0
008
201007b ||||| |||| 00| 0 eng d
020
_a
8122402666
082
_a
534
_b
SEN
245
_a
Acoustics waves and oscillations
942
_2
ddc